000 00904cam a22001934a 4500
005 20250605163956.0
008 250528s ||||||||||||||||||||||||d
035 _a15473
020 _a3540762388
040 _aGR-AtMCL
_bgre
_dGR-AtMCL
_eAACR2
245 1 _aThe Project Management Paradigm / With 118 Figures
260 _bSpringer,
_c1998
300 _a266
520 _aThis book is all about how projects should be managed and controlled, including people and tools. Preface, The Philosophy of Project Management, Elements of the Project Management Methodology, Quality Management and Testing, Systems Project Development Activities, Project Roles and Responsibilities, Project Initiation, Tools of Project Management, Project Control, Project and Stage Completion Activities, Summary, References, Index.
700 1 _aBurnett Ken
_91404
942 _cBK
999 _c1052
_d1052